Datum a čas kvízu
25
Celkem bodů
Celkový počet nahraných bodů na tomto kvízu bez doplňovacích otázek.
5.
Pořadí na kvízu
Konečné umístění týmu na tomto kvízu.
Zaznamenané odpovědi
| # | Otázka | Odpověď | Body | Výsledky |
|---|---|---|---|---|
| 1. | V noci z neděle na pondělí se... | Sabine | 1 | |
| 2. | Situaci kolem pandemie novým t... | Covid-19 | 0 | |
| 3. | V neděli 9. února se konal v... | Renée Zelweggerová, Joaquin Phoenix | 1 | |
| 4. | Ocenění Zlatá pecka pro nejlep... | Josef Polášek | 1 | |
| 5. | Není moc obvyklé, aby se v naš... | Karlovy Vary, Kometa Brno | 1 | |
| 6. | Šachy jsou vskutku velmi staro... | šáh | 0 | |
| 7. | Z následujících tvrzení vybert... | C | 1 | |
| 8. | Jak se nazývá typ šachové hry,... | rapid (též zrychlený) šach | 0 | |
| 9. | Jak se jmenuje matematický pro... | jezdcova procházka | 0 | |
| 10. | Jak se jmenuje tento současný... | David Navara | 0 |